00239nam a2200085Ia 4500082001500000100003400015245007200049260001800121300001400139 aRR 010 SUP aGeneral Information Programme 0aSupplement on bibliographical services throughout the world in 1978 an.p.bn.p.c0 aiv, 102p.